000 00735nam a2200229 a 4500
001 47792
003 BD-RjUL
005 20211209054408.0
008 160810s2006 bg ||||| |||| 00| 0 ben d
020 _a9848689141
_c: Tk. 80
035 _a(BD-RjUL)47911
040 _aBD-RjUL
_bben
_cBD-RjUL
041 _aben
082 _223
_a782.420297
_bALI 2006
100 1 _aআলী, মোঃ নওসাদ
_9120166
245 1 0 _aইসলামী সঙ্গীত /
260 _aঢাকা :
_bমুক্তদেশ প্রকাশনী,
_c২০০৬
300 _a৬৪ পৃ. ;
_c২১ সেমি.
650 _aসঙ্গীত
_vইসলাম
_9145111
650 _aMusic
_vIslam
_9145112
942 _2ddc
_cBK
999 _c47792
_d47792